书目信息 |
| 题名: |
自然辩证法概论
|
|
| 作者: | 张湘琴 主编 | |
| 分册: | ||
| 出版信息: | 北京农业大学出版社 1991.04 |
|
| 页数: | 310页 | |
| 开本: | 大32开 | |
| 丛书名: | ||
| 单 册: | ||
| 中图分类: | N031 | |
| 科图分类: | ||
| 主题词: | 自然科学--科学方法论 | |
| 电子资源: | ||
| ISBN: | 978-7-118-06212-0 | |
| 000 | 00559nam0 2200193 45 | |
| 001 | 0308271021 | |
| 005 | 20030827105620.6 | |
| 010 | @a978-7-118-06212-0@dRMB3.25 | |
| 100 | @a20030827d1991 km y0chiy0120 ea | |
| 101 | @achi | |
| 105 | @a z 000yy | |
| 200 | 1 | @a自然辩证法概论@Azi ran bian zheng fa gai lun@f张湘琴 主编@Fzhang xiang qin zhu bian |
| 210 | @c北京农业大学出版社@d1991.04 | |
| 215 | @a310页@c无图表@d大32开 | |
| 606 | 0 | @a自然科学@x科学方法论 |
| 690 | @aN031@v3 | |
| 701 | 0 | @a张湘琴 @4主编 |
| 801 | @aCN@b@c20030827 | |
| 905 | @aBZT@dN031@e9 | |
| 自然辩证法概论/张湘琴 主编.-北京农业大学出版社,1991.04 |
| 310页:无图表;大32开 |
| ISBN 978-7-118-06212-0:RMB3.25 |
| ● |
| 相关链接 |
|
|
|
正题名:自然辩证法概论
索取号:N031/9
 
预约/预借
| 序号 | 登录号 | 条形码 | 馆藏地/架位号 | 状态 | 备注 |
| 1 | 80809 | 200470490 | 中心书库北库/ 北库024架B面1列1层15/ [索取号:N031/9] | 在馆 | |
| 2 | 80810 | 200470533 | 中心书库北库/ 北库024架B面1列1层11/ [索取号:N031/9] | 在馆 | |
| 3 | 80811 | 200470542 | 中心书库北库/ 北库024架B面1列1层12/ [索取号:N031/9] | 在馆 | |
| 4 | 80812 | 200470515 | 中心书库北库/ 北库024架B面1列1层20/ [索取号:N031/9] | 在馆 | |
| 5 | 80813 | 200470524 | 中心书库北库/ 北库024架B面1列1层14/ [索取号:N031/9] | 在馆 | |
| 6 | 80814 | 200470560 | 中心书库北库/ 北库024架B面1列1层17/ [索取号:N031/9] | 在馆 | |
| 7 | 80815 | 200474389 | 中心书库北库/ 北库024架B面1列1层19/ [索取号:N031/9] | 在馆 | |
| 8 | 80816 | 200474361 | 中心书库北库/ 北库024架B面1列1层18/ [索取号:N031/9] | 在馆 | |
| 9 | 80817 | 200474352 | 中心书库北库/ 北库024架B面1列1层16/ [索取号:N031/9] | 在馆 | |
| 10 | 80818 | 200474334 | 中心书库北库/ 北库024架B面1列1层13/ [索取号:N031/9] | 在馆 |